000 00747nas a2200241 4500
001 BR7306163
003 BR-BrBNA
005 20231205082602.0
007 ta
008 230509b bl.|||p| |||| 00| 00por d
040 _aBR-BrBNA
_bpor
_cBiblioteca Nacional de Agricultura
041 _a(Pt)
072 _aH10
100 1 _aNomura, H.
100 1 _aYamashita, J.
245 1 _aDesenvolvimento do curuquere-da-couve, ascia monuste (Linnaeus, 1764)(Lepidoptera, pieridae)em laboratorio
650 _aPRAGA DE PLANTA
650 _aCOUVE
650 _aCURUQUERE
773 0 _tRevista Brasileira de Biologia (Brazil)
_xISSN 0034-7108
_g(1975), v. 35(4) p. 799-803
_wBR7306163
909 _a202311
_bLúcia
_c55
_dLúcia Elande
942 _2AGRIS
_n0
_cANA
999 _c93013
_d93013